| 000 | 00425nam a2200157 a 4500 | ||
|---|---|---|---|
| 005 | 20140414132121.0 | ||
| 008 | 120822s19uu xx 00 eng d | ||
| 050 |
_aTR 808.1 _bG347 1993 |
||
| 100 | _aGeorge, Jean | ||
| 245 | _aRed Robin, Fly up!. | ||
| 260 |
_aHunter Valley, Maryland : _bCalvert School, _c1993. |
||
| 300 | _a63 | ||
| 650 | _aFriendship-fiction. | ||
| 700 | _aEllan Young (photographs) | ||
| 999 |
_c115063 _d115063 |
||